Covered interested parity between Canada and the United States: another look using modern time series methods.
Výklad pojmu CIP (Covered interest parity). Dôraz na empirickú platnosť a legalizáciu vzťahov CIP medzi Kanadou a USA. Vlastnosti časových radov pre hrubé odchýlky od parity. Definovanie proporcionálnych odchýliek od parity. Modelovanie opravy chýb.
Saved in:
| Main Author: | |
|---|---|
| Format: | Book Chapter |
| Language: | English |
| Subjects: | |
| Tags: |
No Tags, Be the first to tag this record!
|
MARC
| LEADER | 00000naa a2200000 4500 | ||
|---|---|---|---|
| 001 | r009158 | ||
| 005 | 20221130103031.5 | ||
| 041 | 0 | |a eng | |
| 044 | |a AT | ||
| 245 | 1 | 0 | |a Covered interested parity between Canada and the United States: another look using modern time series methods. |c F.J. Atkins |
| 520 | |a Výklad pojmu CIP (Covered interest parity). Dôraz na empirickú platnosť a legalizáciu vzťahov CIP medzi Kanadou a USA. Vlastnosti časových radov pre hrubé odchýlky od parity. Definovanie proporcionálnych odchýliek od parity. Modelovanie opravy chýb. | ||
| 610 | 2 | 0 | |a modely |
| 610 | 2 | 0 | |a parita |
| 610 | 2 | 0 | |a Kanada |
| 610 | 2 | 0 | |a USA |
| 610 | 2 | 0 | |a rady časové |
| 610 | 2 | 0 | |a tabuľky štatistické |
| 610 | 2 | 0 | |a miera úroková |
| 610 | 2 | 0 | |a kurz výmenný |
| 100 | 1 | |a Atkins, F.J. | |